Statystyki dla Flagi miast województwa zachodniopomorskiego

Kliknij tutaj aby rozwiązać quiz!

Ogólne statystyki

  • Ten quiz został rozwiązany 68 razy
  • Średni wynik to 10 z 20

Statystyki odpowiedzi

Odpowiedź% Poprawnych
Szczecin
97%
Kołobrzeg
90%
Koszalin
86%
Świnoujście
86%
Stargard
81%
Szczecinek
75%
Wałcz
68%
Police
66%
Choszczno
59%
Drawsko Pomorskie
47%
Czaplinek
39%
Dębno
29%
Wolin
29%
Dziwnów
25%
Bobolice
24%
Barwice
22%
Borne Sulinowo
22%
Kalisz Pomorski
22%
Mirosławiec
20%
Połczyn-Zdrój
17%

Rozkład punktacji

Percentyl według liczby udzielonych odpowiedzi

Procent ludzi z każdym wynikiem

Twoja historia wyników

Nie rozwiązałeś tego quizu